[Event "Cheadle op 1st"]
[Site "Cheadle"]
[Date "2025.02.06"]
[Round "5"]
[White "Moore, Geoffrey R"]
[Black "Plotnikov, Dmytro"]
[Result "1-0"]
[WhiteElo "1983"]
[BlackElo "1770"]
[PlyCount "47"]
[EventDate "2025.02.04"]
[EventType "swiss"]
[EventRounds "6"]
[EventCountry "ENG"]
[SourceTitle "CB07_2025"]
[SourceDate "2025.02.12"]
[SourceVersion "1"]
[SourceVersionDate "2025.02.12"]
[SourceQuality "1"]

1. e4 d5 2. exd5 Nf6 3. d4 Nxd5 4. c4 Nf6 5. Nc3 e5 6. d5 c6 7. Bg5 Bb4 8. Qb3 Qa5 9. Bxf6 Bxc3+ 10. bxc3 gxf6 11. Nf3 Na6 12. Be2 Bd7 13. 0-0 Rb8 14. Rfe1 0-0 15. Bf1 Rfc8 16. Re3 b5 17. cxb5 cxb5 18. Rc1 Nc5 19. Qc2 Na4 20. Qd2 Rc5 21. Nxe5 fxe5 22. Rg3+ Kf8 23. d6 Be6 24. Qg5 1-0

[Event "Cheadle op 1st"]
[Site "Cheadle"]
[Date "2025.02.04"]
[Round "1"]
[White "Moore, Geoffrey R"]
[Black "Plotnikov, Matvii"]
[Result "1-0"]
[WhiteElo "1983"]
[BlackElo "1688"]
[PlyCount "55"]
[EventDate "2025.02.04"]
[EventType "swiss"]
[EventRounds "6"]
[EventCountry "ENG"]
[SourceTitle "CB07_2025"]
[SourceDate "2025.02.12"]
[SourceVersion "1"]
[SourceVersionDate "2025.02.12"]
[SourceQuality "1"]

1. e4 c5 2. Nf3 Nc6 3. d4 cxd4 4. Nxd4 e5 5. Nb5 d6 6. N1c3 a6 7. Na3 Nf6 8. Bg5 Be7 9. Nc4 0-0 10. Bxf6 Bxf6 11. Qxd6 Qxd6 12. Nxd6 Nb4 13. 0-0-0 b5 14. a3 Nc6 15. Nxc8 Rfxc8 16. Nd5 Bd8 17. Kb1 Rab8 18. c3 h5 19. Be2 g6 20. h4 Bb6 21. g4 hxg4 22. Bxg4 Rd8 23. h5 Bxf2 24. Rdf1 Bc5 25. hxg6 Rb7 26. gxf7+ Kg7 27. b4 Bd6 28. Be6 1-0

[Event "Hull 4NCL op"]
[Site "Hull"]
[Date "2024.09.08"]
[Round "4"]
[White "Moore, Geoffrey R"]
[Black "Ashton, Alannah"]
[Result "0-1"]
[WhiteElo "2014"]
[BlackElo "1874"]
[PlyCount "113"]
[EventDate "2024.09.06"]
[EventType "swiss"]
[EventRounds "5"]
[EventCountry "ENG"]
[SourceTitle "EXT 2025"]
[Source "ChessBase"]
[SourceDate "2024.10.14"]
[SourceVersion "1"]
[SourceVersionDate "2024.10.14"]
[SourceQuality "1"]

1. e4 c5 2. Be2 Nc6 3. f4 e5 4. d3 exf4 5. Bxf4 d5 6. exd5 Qxd5 7. Nf3 Nf6 8. Nc3 Qd8 9. Qd2 Be7 10. 0-0 0-0 11. Rae1 a6 12. Kh1 Nd4 13. Bd1 Ne6 14. Be5 b5 15. Ne2 Ng4 16. Bg3 Bb7 17. h3 Nh6 18. Ne5 Bg5 19. Nf4 Nf5 20. Bh2 Nxf4 21. Rxf4 Bxf4 22. Qxf4 Nh4 23. Nf3 Nxf3 24. Bxf3 Bxf3 25. Qxf3 Ra7 26. Bg1 Qa5 27. Re2 Rc7 28. a3 c4 29. Bh2 Rd7 30. Qg4 cxd3 31. cxd3 Rxd3 32. Be5 f6 33. Qe6+ Kh8 34. Bd6 Rg8 35. Qf7 Qd8 36. Bf4 Rd7 37. Qe6 Qc8 38. Qe4 Qc4 39. Qf3 Rd3 40. Qf2 Qd4 41. Be3 Qd6 42. Bf4 Qd4 43. Be3 Qd5 44. Kh2 Qb3 45. Bf4 Qc4 46. Bg3 b4 47. axb4 Qxb4 48. Bh4 Qd4 49. Qe1 Rd1 50. Re4 Rxe1 51. Rxd4 Re2 52. Ra4 Ra8 53. Rb4 Kg8 54. Kg3 Rae8 55. Kh2 R2e4 56. Rxe4 Rxe4 57. Bf2 0-1

[Event "ENG-ch Seniors 65"]
[Site "Kenilworth"]
[Date "2024.05.27"]
[Round "6"]
[White "Moore, Geoffrey R"]
[Black "Wager, John D"]
[Result "1/2-1/2"]
[WhiteElo "2014"]
[BlackElo "2020"]
[PlyCount "74"]
[EventDate "2024.05.24"]
[EventType "swiss"]
[EventRounds "7"]
[EventCountry "ENG"]
[SourceTitle "CBM 220 Extra"]
[Source "ChessBase"]
[SourceDate "2024.07.31"]
[SourceVersion "1"]
[SourceVersionDate "2024.07.31"]
[SourceQuality "1"]

1. e4 c6 2. d4 d5 3. e5 Bf5 4. h4 h5 5. Bd3 Bxd3 6. Qxd3 e6 7. Bg5 Qb6 8. Nd2 c5 9. c4 cxd4 10. Ngf3 Nc6 11. 0-0 Be7 12. Rfe1 Bxg5 13. Nxg5 Nh6 14. cxd5 exd5 15. e6 0-0-0 16. exf7 Rdf8 17. Qh3+ Kb8 18. Qd7 Qd8 19. Qe6 Qf6 20. Qxd5 Nxf7 21. Nde4 Qd8 22. Qb3 Nxg5 23. Nxg5 Qf6 24. Qg3+ Qf4 25. Qxf4+ Rxf4 26. g3 Rf6 27. Rad1 Rd8 28. a3 a5 29. Rd2 Rd7 30. Kg2 Rf5 31. Re8+ Ka7 32. Rh8 Ne5 33. b3 a4 34. bxa4 Nc4 35. Rd3 Nb2 36. Rd2 Nc4 37. Rd1 Nb2 1/2-1/2

[Event "ENG-ch Seniors 65"]
[Site "Kenilworth"]
[Date "2024.05.27"]
[Round "5"]
[White "Stokes, Michael"]
[Black "Moore, Geoffrey R"]
[Result "1/2-1/2"]
[WhiteElo "1968"]
[BlackElo "2014"]
[PlyCount "97"]
[EventDate "2024.05.24"]
[EventType "swiss"]
[EventRounds "7"]
[EventCountry "ENG"]
[SourceTitle "CBM 220 Extra"]
[Source "ChessBase"]
[SourceDate "2024.07.31"]
[SourceVersion "1"]
[SourceVersionDate "2024.07.31"]
[SourceQuality "1"]

1. e4 c5 2. d4 cxd4 3. c3 Nf6 4. e5 Nd5 5. Nf3 d6 6. exd6 Qxd6 7. Qxd4 Nc6 8. Bb5 Bd7 9. Bxc6 bxc6 10. Na3 f6 11. 0-0 e5 12. Re1 Be7 13. Nc4 0-0 14. Qd3 Qc7 15. Bd2 Rad8 16. Rad1 Bg4 17. Qe4 Bh5 18. Bc1 Bg6 19. Qe2 Bf7 20. Qe4 Qc8 21. Nh4 Rfe8 22. Ne3 Nxe3 23. Bxe3 Rxd1 24. Rxd1 Bxa2 25. Nf5 Be6 26. Nxe7+ Rxe7 27. Ra1 Bd5 28. Qh4 Qf5 29. Qb4 Rd7 30. f3 e4 31. f4 Qg4 32. Qb8+ Kf7 33. Rxa7 Rxa7 34. Qxa7+ Kg6 35. Qd4 Qe2 36. Qd2 Qc4 37. g4 f5 38. Qg2 Qd3 39. gxf5+ Kxf5 40. Qg5+ Ke6 41. Qe5+ Kf7 42. Qh5+ Ke6 43. Qe8+ Kf5 44. Qe5+ Kg6 45. Qg5+ Kf7 46. Qf5+ Ke8 47. Qc8+ Kf7 48. Qd7+ Kg6 49. Qg4+ 1/2-1/2

[Event "ENG-ch Seniors 65"]
[Site "Leamington Spa"]
[Date "2023.05.08"]
[Round "7"]
[White "Bray, David"]
[Black "Moore, Geoffrey R"]
[Result "0-1"]
[WhiteElo "1989"]
[BlackElo "1969"]
[PlyCount "147"]
[EventDate "2023.05.04"]
[EventType "swiss"]
[EventRounds "7"]
[EventCountry "ENG"]
[SourceTitle "CBM 214 Extra"]
[Source "ChessBase"]
[SourceDate "2023.07.31"]
[SourceVersion "1"]
[SourceVersionDate "2023.07.31"]
[SourceQuality "1"]

1. d4 Nf6 2. c4 g6 3. Nc3 Bg7 4. e4 d6 5. Nf3 0-0 6. Be2 Nbd7 7. 0-0 e5 8. Be3 Ng4 9. Bg5 f6 10. Bh4 h5 11. h3 Nh6 12. dxe5 dxe5 13. Qd5+ Nf7 14. Rad1 c6 15. Qd2 Qe7 16. Qc2 Nc5 17. Bg3 Ne6 18. Rfe1 Bh6 19. Bf1 Nf4 20. Ne2 Ne6 21. Nc3 Nfd8 22. Ne2 Bd7 23. a3 Be8 24. b4 g5 25. c5 h4 26. Bh2 Bh5 27. Qb3 Nf7 28. g4 Bg6 29. Nc3 Rfd8 30. Qc4 Bf8 31. Be2 Rxd1 32. Rxd1 Rd8 33. Rxd8 Nfxd8 34. Qd3 Be8 35. Kf1 Qd7 36. Qxd7 Bxd7 37. Bc4 Be7 38. Ke2 Kf8 39. Ke3 Nc7 40. Nd2 Be6 41. Bxe6 Ncxe6 42. Nb3 Ke8 43. Ne2 Kd7 44. Kd3 Nf7 45. Na5 b6 46. cxb6 axb6 47. Nc4 Kc7 48. Ne3 Bf8 49. Nf5 b5 50. Nc3 Nd6 51. Nxd6 Bxd6 52. Ne2 Kd7 53. Kc3 Bc7 54. f3 Nd4 55. Ng1 Bd6 56. Kd3 c5 57. Kc3 cxb4+ 58. axb4 Nc6 59. Ne2 Bxb4+ 60. Kb3 Bc5 61. Bg1 Nd4+ 62. Nxd4 Bxd4 63. Bxd4 exd4 64. Kc2 Ke6 65. Kd2 Ke5 66. Kd3 Kf4 67. Kxd4 Kxf3 68. e5 fxe5+ 69. Kxe5 b4 70. Kf5 b3 71. Kxg5 Kg3 72. Kh6 b2 73. g5 b1Q 74. g6 0-1

[Event "ENG-ch Seniors 65"]
[Site "Leamington Spa"]
[Date "2023.05.05"]
[Round "3"]
[White "De Coverly, Roger D"]
[Black "Moore, Geoffrey R"]
[Result "1/2-1/2"]
[WhiteElo "1945"]
[BlackElo "1969"]
[PlyCount "55"]
[EventDate "2023.05.04"]
[EventType "swiss"]
[EventRounds "7"]
[EventCountry "ENG"]
[SourceTitle "CBM 214 Extra"]
[Source "ChessBase"]
[SourceDate "2023.07.31"]
[SourceVersion "1"]
[SourceVersionDate "2023.07.31"]
[SourceQuality "1"]

1. Nf3 Nf6 2. g3 g6 3. Bg2 Bg7 4. 0-0 0-0 5. d4 d6 6. c4 Nc6 7. Nc3 a6 8. Bg5 h6 9. Bd2 Rb8 10. Rc1 Bd7 11. d5 Na5 12. Nb1 c5 13. Bc3 b5 14. b3 b4 15. Bb2 e5 16. Nbd2 Nb7 17. e4 a5 18. Ne1 a4 19. Nd3 Nh7 20. f4 a3 21. Ba1 f6 22. Qe2 Qc8 23. fxe5 fxe5 24. Rxf8+ Qxf8 25. Rf1 Qe7 26. Nf3 Rf8 27. Nf2 Ng5 28. h4 1/2-1/2

[Event "Calvia Amateur op 19th"]
[Site "Calvia"]
[Date "2022.10.16"]
[Round "9"]
[White "Moore, Geoffrey R"]
[Black "Simo Bordoy, Guillermo"]
[Result "1-0"]
[WhiteElo "1956"]
[BlackElo "1849"]
[PlyCount "99"]
[EventDate "2022.10.08"]
[EventType "swiss"]
[EventRounds "9"]
[EventCountry "ESP"]
[SourceTitle "CBM 210 Extra"]
[Source "ChessBase"]
[SourceDate "2022.11.30"]
[SourceVersion "1"]
[SourceVersionDate "2022.11.30"]
[SourceQuality "1"]

1. e4 c5 2. Nf3 e6 3. d4 cxd4 4. Nxd4 a6 5. Nc3 b5 6. Be2 Bb7 7. a3 Qc7 8. 0-0 Nf6 9. Qd3 Nc6 10. Nxc6 Bxc6 11. Bg5 Be7 12. f4 h6 13. Bxf6 Bxf6 14. e5 Be7 15. Rad1 Rc8 16. Qg3 g6 17. Bd3 Qb6+ 18. Kh1 Kd8 19. Ne4 Kc7 20. Qe1 Qb7 21. Qe2 Ra8 22. Rc1 Rhc8 23. Rfd1 Ra7 24. b4 Kb8 25. c4 bxc4 26. Rxc4 Bxe4 27. Bxe4 Qb5 28. Bd3 Rxc4 29. Bxc4 Qb6 30. Qd2 Rc7 31. Be2 Kc8 32. Qd3 Kb7 33. Bf3+ Ka7 34. Qe4 Qb8 35. h3 Qc8 36. Kh2 Qb8 37. Rd3 Bf8 38. Rb3 Qb7 39. Qxb7+ Rxb7 40. Bxb7 Kxb7 41. g3 d5 42. exd6 Bxd6 43. Rc3 h5 44. h4 Be7 45. Rc4 Bd6 46. Kg2 a5 47. bxa5 Bxa3 48. Kf3 Bd6 49. a6+ Ka7 50. Ke4 1-0

[Event "GBR-ch 65+ 106th"]
[Site "Torquay"]
[Date "2019.08.02"]
[Round "5.14"]
[White "Gamble, Raymond J"]
[Black "Moore, Geoffrey R"]
[Result "1-0"]
[WhiteElo "1835"]
[BlackElo "1964"]
[PlyCount "119"]
[EventDate "2019.07.29"]
[EventType "swiss"]
[EventRounds "7"]
[EventCountry "ENG"]
[SourceTitle "EXT 2021"]
[Source "ChessBase"]
[SourceDate "2020.10.23"]
[SourceVersion "1"]
[SourceVersionDate "2020.10.23"]
[SourceQuality "1"]

1. d4 g6 2. e4 Bg7 3. c3 d6 4. Nf3 Nf6 5. Nbd2 0-0 6. Bc4 e6 7. 0-0 a6 8. a4 b6 9. Qe2 Bb7 10. e5 Ne8 11. exd6 cxd6 12. Re1 Nc7 13. h4 h6 14. Bd3 Nd7 15. Nc4 Ne8 16. Bf4 Ndf6 17. Nh2 Nh5 18. Bd2 Nhf6 19. Ng4 Nxg4 20. Qxg4 Nf6 21. Qg3 e5 22. Nxd6 Bc6 23. dxe5 Nh5 24. Qe3 Qxh4 25. Qh3 Qxh3 26. gxh3 Rfd8 27. Be4 Bxe4 28. Nxe4 Bxe5 29. Bxh6 Rd3 30. Be3 Nf4 31. h4 Nd5 32. Rad1 Rxd1 33. Rxd1 Nxe3 34. fxe3 Kh7 35. Kf2 Kg7 36. Kf3 Kh6 37. Nf2 f5 38. Rd5 Re8 39. Nd3 Bc7 40. Rd4 Bh2 41. Nf4 Bxf4 42. Rxf4 Kh5 43. Rd4 Re6 44. b4 Rc6 45. c4 Rc7 46. e4 fxe4+ 47. Kxe4 Rc6 48. Ke3 Rf6 49. c5 bxc5 50. bxc5 Rc6 51. Rc4 g5 52. hxg5 Kxg5 53. Ke4 Kf6 54. Kd5 Rc8 55. Kd6 Rd8+ 56. Kc7 Rd5 57. c6 Rd1 58. Kb6 Rb1+ 59. Kxa6 Rb8 60. c7 1-0

[Event "GBR-ch 65+ 106th"]
[Site "Torquay"]
[Date "2019.08.01"]
[Round "4.9"]
[White "Moore, Geoffrey R"]
[Black "Hewson, Brian Wr"]
[Result "0-1"]
[WhiteElo "1964"]
[BlackElo "2035"]
[PlyCount "78"]
[EventDate "2019.07.29"]
[EventType "swiss"]
[EventRounds "7"]
[EventCountry "ENG"]
[SourceTitle "EXT 2021"]
[Source "ChessBase"]
[SourceDate "2020.10.23"]
[SourceVersion "1"]
[SourceVersionDate "2020.10.23"]
[SourceQuality "1"]

1. e4 c6 2. d4 d5 3. e5 c5 4. Nf3 e6 5. c3 Nc6 6. Bd3 Bd7 7. 0-0 cxd4 8. cxd4 Nb4 9. Be2 Rc8 10. Nc3 a6 11. Re1 Ne7 12. a3 Nbc6 13. Bd3 Na5 14. Ne2 Ng6 15. g3 Qb6 16. b4 Nc4 17. h4 Be7 18. Bb1 a5 19. h5 Nf8 20. bxa5 Qxa5 21. h6 g6 22. Bg5 Bxg5 23. Nxg5 Nb2 24. Nxf7 Kxf7 25. Bxg6+ hxg6 26. Qb1 Qd2 27. Nf4 Rxh6 28. Re2 Qd1+ 29. Qxd1 Nxd1 30. Rxd1 g5 31. Ng2 Rc3 32. Re3 Rxe3 33. Nxe3 Ng6 34. Kg2 Ne7 35. Kf3 Rh8 36. Ng4 Bc6 37. Nf6 Kg6 38. Kg4 Nf5 39. f4 Ne3+ 0-1

[Event "GBR-ch 65+ 106th"]
[Site "Torquay"]
[Date "2019.07.29"]
[Round "1"]
[White "Rhodes, Lawrence"]
[Black "Moore, Geoffrey R"]
[Result "0-1"]
[WhiteElo "1607"]
[BlackElo "1964"]
[PlyCount "134"]
[EventDate "2019.07.29"]
[EventType "swiss"]
[EventRounds "7"]
[EventCountry "ENG"]
[SourceTitle "EXT 2020"]
[Source "ChessBase"]
[SourceDate "2019.10.17"]
[SourceVersion "1"]
[SourceVersionDate "2019.10.17"]
[SourceQuality "1"]

1. c4 Nf6 2. Nc3 g6 3. Nf3 Bg7 4. d4 0-0 5. e4 d6 6. Be2 e5 7. d5 a5 8. Bg5 h6 9. Bh4 Na6 10. Nd2 Qe8 11. f3 Nh7 12. b3 h5 13. Rb1 Bh6 14. Bf2 f5 15. a3 b6 16. b4 axb4 17. axb4 fxe4 18. Ndxe4 Bf5 19. Bd3 Qe7 20. Qe2 Nb8 21. c5 bxc5 22. bxc5 Nf6 23. c6 g5 24. Be3 Nxe4 25. fxe4 Bg4 26. Qd2 h4 27. h3 Bc8 28. Qe2 Qf7 29. Rf1 Qg6 30. Kd2 Bg7 31. Rb2 g4 32. Rxf8+ Bxf8 33. hxg4 Bxg4 34. Qf2 Be7 35. Rb7 Bd8 36. Ba7 Bg5+ 37. Kc2 Na6 38. Bxa6 Rf8 39. Rb8 Bd8 40. Qe1 Bh5 41. Qg1 Qf6 42. Be2 Bg6 43. Bd3 Kg7 44. Rb7 Rf7 45. Nb5 Qf4 46. Be3 Qg4 47. Nc3 Qg3 48. Ne2 Qg4 49. Rb4 Be7 50. g3 h3 51. Qh2 Rf1 52. Kc3 Rf3 53. Bd2 Bxe4 54. Kb2 Rxd3 55. Nc3 Rd4 56. Rxd4 exd4 57. Nxe4 Qxe4 58. Qxh3 Qxd5 59. Bh6+ Kg6 60. Qd7 Kxh6 61. Qxe7 Qb5+ 62. Ka3 Qc5+ 63. Kb3 Qc3+ 64. Ka2 Qd2+ 65. Kb3 Qe3+ 66. Qxe3+ dxe3 67. Kc3 d5 0-1

[Event "ENG-ch Seniors 65"]
[Site "Solihull"]
[Date "2019.04.05"]
[Round "3"]
[White "Jones, Timothy M"]
[Black "Moore, Geoffrey R"]
[Result "0-1"]
[WhiteElo "1765"]
[BlackElo "1968"]
[PlyCount "90"]
[EventDate "2019.04.04"]
[EventType "swiss"]
[EventRounds "6"]
[EventCountry "ENG"]
[SourceTitle "CBM 190 Extra"]
[Source "ChessBase"]
[SourceDate "2019.07.15"]
[SourceVersion "1"]
[SourceVersionDate "2019.07.15"]
[SourceQuality "1"]

1. d4 Nf6 2. Nc3 d5 3. Bf4 c6 4. e3 Bf5 5. f3 h6 6. g4 Bh7 7. h4 e6 8. Bd3 Bxd3 9. Qxd3 Qa5 10. Nge2 Nbd7 11. Kf2 Be7 12. a3 Qd8 13. b4 Nb6 14. Rab1 Bd6 15. Bxd6 Qxd6 16. e4 dxe4 17. Nxe4 Nxe4+ 18. fxe4 0-0-0 19. c4 Nd7 20. Qb3 f5 21. c5 Qc7 22. gxf5 exf5 23. e5 Nf8 24. Rbd1 Qd7 25. Nf4 g6 26. a4 Rh7 27. b5 Rg7 28. bxc6 Qxc6 29. Qe3 g5 30. Nh5 f4 31. Qf3 Rgd7 32. Qg4 Ne6 33. Nf6 Rxd4 34. hxg5 hxg5 35. Rxd4 Rxd4 36. Rh8+ Rd8 37. Rxd8+ Kxd8 38. Qh3 Qxc5+ 39. Kf1 Qxe5 40. Qd3+ Nd4 41. Ng4 Qc5 42. Qd2 Kc7 43. Nf6 Qc4+ 44. Kf2 Qc2 45. Nd5+ Kd6 0-1

[Event "Nottingham 4NCL op 20th"]
[Site "Nottingham"]
[Date "2018.09.29"]
[Round "3"]
[White "Moore, Geoffrey R"]
[Black "Munshi, Aditya"]
[Result "0-1"]
[WhiteElo "1985"]
[BlackElo "2133"]
[PlyCount "56"]
[EventDate "2018.09.28"]
[EventType "swiss"]
[EventRounds "5"]
[EventCountry "ENG"]
[SourceTitle "CBM 186 Extra"]
[Source "ChessBase"]
[SourceDate "2018.08.24"]
[SourceVersion "1"]
[SourceVersionDate "2018.08.24"]
[SourceQuality "1"]

1. e4 c6 2. d4 d5 3. e5 Bf5 4. Nf3 e6 5. Be2 c5 6. 0-0 Nc6 7. c3 Bg6 8. a3 cxd4 9. cxd4 Nge7 10. b4 a6 11. Nbd2 Nf5 12. Nb3 Be7 13. Bb2 0-0 14. Qd2 Qd7 15. Rad1 b6 16. h3 Qb7 17. g4 Nh4 18. Ne1 f6 19. f4 Rf7 20. exf6 Rxf6 21. Qe3 Raf8 22. Qg3 R6f7 23. Nd3 Be4 24. Rf2 Ng6 25. Rdf1 Bh4 26. Qe3 Bxf2+ 27. Nxf2 Nxf4 28. Nxe4 Nxe2+ 0-1

[Event "BCF-ch Seniors 65"]
[Site "Hull"]
[Date "2018.08.04"]
[Round "7"]
[White "Chesters, Graham"]
[Black "Moore, Geoffrey R"]
[Result "1-0"]
[WhiteElo "1987"]
[BlackElo "1980"]
[PlyCount "43"]
[EventDate "2018.07.29"]
[EventType "swiss"]
[EventRounds "7"]
[EventCountry "ENG"]
[SourceTitle "EXT 2021"]
[Source "ChessBase"]
[SourceDate "2020.10.23"]
[SourceVersion "1"]
[SourceVersionDate "2020.10.23"]
[SourceQuality "1"]

1. c4 e5 2. Nc3 Bb4 3. Qc2 Nf6 4. e3 0-0 5. a3 Bxc3 6. Qxc3 d6 7. b3 Nc6 8. Bb2 Be6 9. Nf3 h6 10. d4 e4 11. d5 exf3 12. dxc6 fxg2 13. Bxg2 bxc6 14. Bxc6 Rb8 15. Rg1 Kh8 16. 0-0-0 Rg8 17. e4 Qe7 18. b4 Bg4 19. f3 Bh5 20. Qe3 Rb6 21. b5 Nd7 22. Qxh6# 1-0

[Event "BCF-ch Seniors 65"]
[Site "Hull"]
[Date "2018.08.01"]
[Round "4"]
[White "Moore, Geoffrey R"]
[Black "Surtees, Michael"]
[Result "1-0"]
[WhiteElo "1980"]
[BlackElo "2146"]
[PlyCount "81"]
[EventDate "2018.07.29"]
[EventType "swiss"]
[EventRounds "7"]
[EventCountry "ENG"]
[SourceTitle "CBM 185 Extra"]
[Source "ChessBase"]
[SourceDate "2018.07.29"]
[SourceVersion "1"]
[SourceVersionDate "2018.07.29"]
[SourceQuality "1"]

1. e4 c6 2. d4 d5 3. e5 Bf5 4. Nf3 e6 5. Be2 Nd7 6. 0-0 h5 7. a4 h4 8. h3 Qc7 9. a5 Ne7 10. Re1 c5 11. Na3 a6 12. c4 0-0-0 13. Bg5 f6 14. Bxh4 Ng6 15. Bg3 fxe5 16. cxd5 exd5 17. dxc5 Qc6 18. b4 Bxh3 19. gxh3 Rxh3 20. Bf1 Rxg3+ 21. fxg3 e4 22. Nh2 Nde5 23. Bh3+ Kb8 24. Rxe4 Be7 25. Rd4 Rh8 26. Bg2 Qe6 27. Rxd5 Rxh2 28. Rd8+ Ka7 29. Qd5 Qxd5 30. Rxd5 Rh8 31. Re1 Bf6 32. Rd6 Ne7 33. Rb1 N5c6 34. Nc2 Nf5 35. Rd7 Kb8 36. b5 axb5 37. Rxb5 Bd4+ 38. Nxd4 Nfxd4 39. Rbxb7+ Kc8 40. a6 Ne2+ 41. Kf2 1-0

[Event "BCF-ch Seniors 65"]
[Site "Hull"]
[Date "2018.07.31"]
[Round "3"]
[White "Moore, Geoffrey R"]
[Black "Moore, Gillian A"]
[Result "1-0"]
[WhiteElo "1980"]
[BlackElo "1835"]
[PlyCount "143"]
[EventDate "2018.07.29"]
[EventType "swiss"]
[EventRounds "7"]
[EventCountry "ENG"]
[SourceTitle "CBM 185 Extra"]
[Source "ChessBase"]
[SourceDate "2018.07.29"]
[SourceVersion "1"]
[SourceVersionDate "2018.07.29"]
[SourceQuality "1"]

1. e4 Nf6 2. e5 Nd5 3. d4 d6 4. Nf3 dxe5 5. Nxe5 c6 6. Be2 Nd7 7. Nf3 N7f6 8. 0-0 Bg4 9. Ne5 Bxe2 10. Qxe2 e6 11. c4 Nb6 12. Rd1 Be7 13. Nc3 0-0 14. Bf4 Re8 15. Rd3 Nfd7 16. Ne4 f5 17. Nc3 Nxe5 18. dxe5 Qc7 19. b3 Rad8 20. Rh3 Bb4 21. Re1 Rd4 22. Bc1 g6 23. a3 Bf8 24. Rd3 Rxd3 25. Qxd3 Nd7 26. Qe2 Bg7 27. Bf4 Qb6 28. Qd1 Qc7 29. Qd4 c5 30. Qe3 a6 31. h4 Kf7 32. Nb1 h5 33. Nd2 Bf8 34. Nf3 Be7 35. Bg5 Bxg5 36. Nxg5+ Kg8 37. f4 Nf8 38. Rd1 Nh7 39. Nf3 b6 40. Qd3 Kf8 41. Qd6+ Re7 42. Qxc7 Rxc7 43. Rd6 Ke7 44. Rxb6 a5 45. a4 Nf8 46. Rb5 Nd7 47. Rxa5 Nb6 48. Kf2 Kd7 49. Ke2 Nc8 50. Kd3 Na7 51. Kc3 Kc6 52. Ra6+ Kd7 53. Ng5 Nc6 54. Nf3 Rb7 55. Ra8 Nd4 56. Nxd4 cxd4+ 57. Kxd4 Rxb3 58. Kc5 Rg3 59. Ra7+ Kc8 60. Kc6 Kb8 61. Rb7+ Ka8 62. Re7 Rxg2 63. Rxe6 Ka7 64. Re8 Ra2 65. e6 Rxa4 66. c5 Rxf4 67. e7 Re4 68. Kd7 Rd4+ 69. Ke6 Re4+ 70. Kf7 f4 71. Rf8 f3 72. e8Q 1-0

[Event "GBR-ch 104th"]
[Site "Llandudno"]
[Date "2017.08.04"]
[Round "7"]
[White "Cocks, Elliot"]
[Black "Moore, Geoffrey R"]
[Result "1/2-1/2"]
[WhiteElo "2036"]
[BlackElo "2023"]
[PlyCount "49"]
[EventDate "2017.07.29"]
[EventType "swiss"]
[EventRounds "9"]
[EventCountry "WLS"]
[SourceTitle "CBM 179 Extra"]
[Source "ChessBase"]
[SourceDate "2017.08.23"]
[SourceVersion "1"]
[SourceVersionDate "2017.08.23"]
[SourceQuality "1"]

1. d4 Nf6 2. c4 g6 3. Nc3 Bg7 4. e4 d6 5. Nf3 0-0 6. Be2 Nbd7 7. 0-0 e5 8. Re1 c6 9. Rb1 exd4 10. Nxd4 Re8 11. Bf1 d5 12. cxd5 cxd5 13. Ndb5 a6 14. Nd6 Re6 15. Nxc8 Rxc8 16. exd5 Rxe1 17. Qxe1 Nb6 18. Bg5 Nbxd5 19. Rd1 Qa5 20. Nxd5 Qxe1 21. Nxf6+ Bxf6 22. Rxe1 Bxg5 23. Bd3 Rc1 24. Rxc1 Bxc1 25. b3 1/2-1/2

[Event "GBR-ch 104th"]
[Site "Llandudno"]
[Date "2017.07.31"]
[Round "3"]
[White "Coleman, David"]
[Black "Moore, Geoffrey R"]
[Result "1-0"]
[WhiteElo "2135"]
[BlackElo "2023"]
[PlyCount "91"]
[EventDate "2017.07.29"]
[EventType "swiss"]
[EventRounds "9"]
[EventCountry "WLS"]
[SourceTitle "CBM 179 Extra"]
[Source "ChessBase"]
[SourceDate "2017.08.23"]
[SourceVersion "1"]
[SourceVersionDate "2017.08.23"]
[SourceQuality "1"]

1. e4 c6 2. d4 g6 3. f4 d5 4. e5 h5 5. Nf3 Nh6 6. Be2 Bf5 7. Be3 e6 8. Nbd2 Nd7 9. c3 Be7 10. h3 h4 11. Bf2 Kf8 12. Kf1 Kg7 13. Qe1 Ng8 14. Be3 c5 15. b3 cxd4 16. Nxd4 Nh6 17. b4 a6 18. N4f3 Rc8 19. Rc1 f6 20. Bd4 fxe5 21. Nxe5 Nxe5 22. Bxe5+ Bf6 23. Qxh4 Bxe5 24. Qxd8 Rhxd8 25. fxe5 d4 26. c4 g5 27. g4 Bg6 28. Bf3 Rc7 29. Kg2 Nf7 30. Rhe1 Bd3 31. c5 a5 32. a3 axb4 33. axb4 Ra8 34. Nb3 Ra2+ 35. Kg3 Rd7 36. c6 bxc6 37. Nc5 Rda7 38. Nxd3 R7a3 39. Red1 Rb3 40. Nc5 Rxb4 41. Rxd4 Rbb2 42. Nxe6+ Kg8 43. Rxc6 Ra3 44. Rc8+ Kh7 45. Nxg5+ Kg6 46. Rc6+ 1-0

[Event "BCF-chT3Sb 1617 (4NCL)"]
[Site "England"]
[Date "2017.02.12"]
[Round "6.82"]
[White "Graham, William M"]
[Black "Moore, Geoffrey R"]
[Result "1/2-1/2"]
[WhiteElo "1837"]
[BlackElo "2080"]
[PlyCount "106"]
[EventDate "2016.11.26"]
[EventType "team-tourn"]
[EventRounds "11"]
[EventCountry "ENG"]
[SourceTitle "EXT 2019"]
[Source "ChessBase"]
[SourceDate "2018.10.10"]
[SourceVersion "1"]
[SourceVersionDate "2018.10.10"]
[SourceQuality "1"]
[WhiteTeam "Sussex Martlets II"]
[BlackTeam "Anglian Avengers II"]
[WhiteTeamCountry "ENG"]
[BlackTeamCountry "ENG"]

1. c4 Nf6 2. g3 g6 3. Bg2 Bg7 4. Nc3 0-0 5. e4 d6 6. Nge2 e5 7. 0-0 Be6 8. d3 Qd7 9. b4 c6 10. a4 Na6 11. Rb1 Nc7 12. f4 Bh3 13. d4 Bxg2 14. Kxg2 exd4 15. Nxd4 Rfe8 16. Qd3 Ne6 17. Nf3 Rad8 18. Be3 Qc7 19. Rbd1 Ng4 20. Bg1 Nh6 21. Nd4 Nxd4 22. Bxd4 Bxd4 23. Qxd4 f5 24. Rfe1 Qg7 25. e5 a6 26. Qb6 Rd7 27. Qd4 Red8 28. e6 Qxd4 29. Rxd4 Re7 30. a5 Kg7 31. Na4 Kf6 32. Nc5 Rc7 33. h3 Ke7 34. Red1 Ng8 35. Kf3 Nf6 36. g4 Ne8 37. gxf5 gxf5 38. R4d2 Ra8 39. Nb3 Kxe6 40. Re2+ Kf6 41. Rde1 Ng7 42. Nd4 Rd7 43. Ne6 Nxe6 44. Rxe6+ Kf7 45. Rh6 Kg7 46. Ree6 d5 47. cxd5 cxd5 48. Rh5 Rc8 49. Reh6 Rc3+ 50. Ke2 Kg8 51. Rg5+ Kh8 52. Rf6 d4 53. Kd2 Rb3 1/2-1/2